000 00336 a2200157 4500
001 165573
020 _a
040 _cMagnum
100 _aCagliari, Luiz Carlos
240 1 0 _aAlfabetizacao e linguistica
_lpor
245 1 0 _aAlfabetizacao e linguistica
362 0 _a1899
440 1 _aScipione
697 _aENSINO
942 _cBK
999 _c165573
_d165573